000 00894nam a2200241 a 4500
001 000036172
005 20250723150125.0
008 120110s2011 dr ac 000 0 spa d
020 _a9789945164541
040 _aDO-SdBNP
_bspa
_cBNPHU
082 _aRD868.4
_bV145L
245 0 0 _aLuis Heriberto Valdez Pimentel :
_bcronista de biologías /
_ccompilador Juan Ml. Pellerano Gómez.
260 _aSanto Domingo :
_bEdiciones Capeldom,
_c2011.
300 _a314 p. :
_bil., retrs. ;
_c23 cm.
504 _aIncluye bibliografía y notas al pie de páginas.
504 _aBibliografía: p.305-306.
600 1 4 _aVALDEZ PIMENTEL, LUIS HERIBERTO,
_d1895-1953
_xENSAYOS, CONFERENCIAS, ETC.
_962218
650 0 _aProsa dominicana
_912146
650 0 _aLiteratura dominicana.
_967
700 1 _aPellerano Gómez, Juan Ml.,
_ecomp.
_911850
910 _aValidado. Control de calidad EMS
049 _aBNPD
999 _c35663
_d35663